Countries Without a Recent Election - Statistics

General Stats
  • This quiz has been taken 12 times
  • The average score is 4 of 10
Answers on the Grid
Answers color-coded by a green-red scale on the quiz's grid according to % correct below.
North Korea
Tunisia
South Sudan
Algeria
Saudi Arabia
Qatar
China
United States of America
Burkina Faso
Spain
UAE
Iran
Israel
Eritrea
Brazil
India
Australia
Vatican City
Argentina
France
Libya
Canada
Mexico
United Kingdom
Taiwan
South Africa
Japan
Ivory Coast
Switzerland
Mali
 
Answer Stats
Answer % Correct
North Korea
100%
Saudi Arabia
71%
Eritrea
43%
Libya
43%
Mali
43%
South Sudan
43%
UAE
29%
Burkina Faso
14%
Qatar
14%
Vatican City
14%
No matching quizzes found
Score Distribution
Percent of People with Each Score
Percentile by Number Answered
Your Score History
You have not taken this quiz